The idea of History / (Record no. 186186)
[ view plain ]
| 000 -LEADER | |
|---|---|
| fixed length control field | 00942 a2200229 4500 |
| 003 - CONTROL NUMBER IDENTIFIER | |
| control field | Nust |
| 005 - DATE AND TIME OF LATEST TRANSACTION | |
| control field | 20230128135720.0 |
| 010 ## - LIBRARY OF CONGRESS CONTROL NUMBER | |
| LC control number | 92040412 |
| 020 ## - INTERNATIONAL STANDARD BOOK NUMBER | |
| International Standard Book Number | 0195671724 |
| 040 ## - CATALOGING SOURCE | |
| Transcribing agency | Nust |
| 082 00 - DEWEY DECIMAL CLASSIFICATION NUMBER | |
| Classification number | 910,COL |
| 100 1# - MAIN ENTRY--PERSONAL NAME | |
| Personal name | Collingwood, R. G. |
| 9 (RLIN) | 6590 |
| 245 14 - TITLE STATEMENT | |
| Title | The idea of History / |
| Statement of responsibility, etc. | R.G. Collingwood ; edited with an introduction by Jan van der Dussen. |
| 250 ## - EDITION STATEMENT | |
| Edition statement | Rev. ed., with lectures 1926-1928. |
| 260 ## - PUBLICATION, DISTRIBUTION, ETC. | |
| Place of publication, distribution, etc. | Oxford [England] : |
| Name of publisher, distributor, etc. | Clarendon Press ; |
| Place of publication, distribution, etc. | New York : |
| Name of publisher, distributor, etc. | Oxford University Press, |
| Date of publication, distribution, etc. | 1993. |
| 300 ## - PHYSICAL DESCRIPTION | |
| Extent | liii, 510 p. ; |
| Dimensions | 23 cm. |
| 505 ## - FORMATTED CONTENTS NOTE | |
| Formatted contents note | Introduction (Page-1), The Influence of Christianity (Page-46), The Threshold of Scientific History (Page-86), Scientific History (Page-134), Epilegomena (Page-205). |
| 650 #0 - SUBJECT ADDED ENTRY--TOPICAL TERM | |
| Topical term or geographic name entry element | History |
| General subdivision | Philosophy. |
| 9 (RLIN) | 6591 |
| 700 1# - ADDED ENTRY--PERSONAL NAME | |
| Personal name | Dussen, W. J. van der. |
| 9 (RLIN) | 6592 |
| 856 42 - ELECTRONIC LOCATION AND ACCESS | |
| Materials specified | Publisher description |
| Uniform Resource Identifier | <a href="http://www.loc.gov/catdir/enhancements/fy0638/92040412-d.html">http://www.loc.gov/catdir/enhancements/fy0638/92040412-d.html</a> |
| 942 ## - ADDED ENTRY ELEMENTS (KOHA) | |
| Source of classification or shelving scheme | |
| Koha item type | Book |
| Withdrawn status | Lost status | Source of classification or shelving scheme | Damaged status | Not for loan | Permanent Location | Current Location | Date acquired | Full call number | Barcode | Date last seen | Price effective from | Koha item type | Public note | Shelving location | Total Checkouts |
|---|---|---|---|---|---|---|---|---|---|---|---|---|---|---|---|
| Military College of Signals (MCS) | Military College of Signals (MCS) | 12/12/2016 | 910,COL | MCS33587 | 12/08/2016 | 12/12/2016 | Book | Almirah No.58, Shelf No.5 | |||||||
| Military College of Signals (MCS) | Military College of Signals (MCS) | 01/28/2023 | 910,COL | MCS33588 | 01/28/2023 | 01/28/2023 | Book | Almirah No.58, Shelf No.5 | General Stacks |
